00468nam a2200193 a 4500001001300000003000900013005001700022008004100039020001000080082001500090100001500105245002600120260003800146300000800184500003500192505001000227650002200237700001500259nice12345678IN_TiNIC20260116012702.0050524s1980 grea grp 000 0 eng  ac10000a269.2bJAN aJan, Tamur aEx Muslims for Christ aGreat BritainbCrossbearersc1980 a23p aincludes index and biblioraphy2 aIndex aEvangelistic Work1 aJan, Tamur